Did they play for Liverpool ? Quiz Stats

Quiz not verified by Sporcle

Challenge
Share
Tweet
Embed
Score 0/25 Timer 05:00
0 Plays Today
% Correct
Mario Balotelli
95.2%
Craig Bellamy
95.1%
Stewart Downing
94.1%
Raul Meireles
94%
Gary McAllister
92.5%
Robbie Keane
91.7%
Nicolas Anelka
90.7%
Paul Ince
90.6%
Albert Riera
90.3%
Aly Cissokho
89%
Abel Xavier
89%
Nuri Sahin
88.7%
Salif Diao
86.7%
% Correct
Bruno Cheyrou
84.9%
Rigobert Song
82.8%
Christian Ziege
82.8%
Titi Camara
82.7%
Milan Jovanovic
82.5%
Scott Carson
81.7%
Brad Friedel
80.6%
Bjorn Kvarme
76.3%
Bernard Diomède
73.9%
Oyvind Leonhardsen
71.7%
Gabriel Paletta
68.2%
Jean-Michel Ferri
54.4%

You're not logged in!

Compare scores with friends on all Sporcle quizzes.
Sign Up with Email
OR
Log In

You Might Also Like...

Show Comments

Extras

Top Quizzes Today


Score Distribution

Your Account Isn't Verified!

In order to create a playlist on Sporcle, you need to verify the email address you used during registration. Go to your Sporcle Settings to finish the process.